یر مغا ن بشر (Record no. 176312)

MARC details
000 -LEADER
fixed length control field 00703nam a22001937a 4500
005 - DATE AND TIME OF LATEST TRANSACTION
control field 20201214150956.0
010 ## - LCCN (DPL NO)
LC control number UR-10965
020 ## - INTERNATIONAL STANDARD BOOK NUMBER
Terms of availability 180.00
International Standard Book Number 9788194369929
035 ## - SYSTEM CONTROL NUMBER
System control number U-9520
037 ## - SOURCE OF ACQUISITION
Source of stock number/acquisition DBAD/PUB
082 ## - DEWEY DECIMAL CLASSIFICATION NUMBER
Classification number 841
100 ## - MAIN ENTRY--PERSONAL NAME
Fuller form of name محمد حنيف بشر بيجا پو ر ی
245 ## - TITLE STATEMENT
Title یر مغا ن بشر
Statement of responsibility, etc محمد حنيف بشر بيجا پو ر ی
246 ## - VARYING FORM OF TITLE
Remainder of title Yermughan-e-Bashar (Urdu)
Title proper/short title by Mohd. Hanif Bashar Bijapuri
260 ## - PUBLICATION, DISTRIBUTION, ETC. (IMPRINT)
Place of publication, distribution, etc N.Delhi
Name of publisher, distributor, etc Educational Publishing House
Date of publication, distribution, etc 2019 ء
270 ## - ADDRESS
Address H.O.D1/16,Ansari Road,Darya ganj,
City N.Delhi
Postal code 110002
Telephone number 45678285,23216162
Fax number 0091-11-23211540
300 ## - PHYSICAL DESCRIPTION
Extent 160 ص
Dimensions 22 Cm(Hb)
942 ## - ADDED ENTRY ELEMENTS (KOHA)
Source of classification or shelving scheme Dewey Decimal Classification
Item type Urdu Bks
Classification part 841
Call number suffix ش ا ہ

No items available.


© Delhi Public Library
Hit Counter
free hit counter